[Event "Rowy Jantar op-B 11th"]
[Site "Rowy"]
[Date "2002.06.15"]
[Round "8"]
[White "Plicner, Justyna"]
[Black "Paweloszek, Lukasz"]
[Result "1/2-1/2"]
[WhiteElo "1600"]
[BlackElo "1800"]
[PlyCount "57"]
[EventDate "2002.06.??"]
[EventType "swiss"]
[EventRounds "8"]
[EventCountry "POL"]
[SourceTitle "EXT 2006"]
[Source "ChessBase"]
[SourceDate "2005.11.24"]
[SourceVersion "1"]
[SourceVersionDate "2005.11.24"]
[SourceQuality "1"]

1. d4 d5 2. Nf3 Nf6 3. Bf4 e6 4. h3 Bd6 5. Ne5 Nbd7 6. Nd2 c5 7. e3 Qc7 8. Bb5 a6 9. Bxd7+ Nxd7 10. Ndf3 f6 11. Nxd7 Bxd7 12. Bxd6 Qxd6 13. c3 0-0 14. 0-0 Rf7 15. Re1 e5 16. dxc5 Qxc5 17. e4 dxe4 18. Rxe4 Bc6 19. Re3 Rd7 20. Qc2 Rad8 21. Rc1 e4 22. Nh2 Rd2 23. Qb1 Qf5 24. Nf3 R2d3 25. Nd4 Qd7 26. Nxc6 Rxe3 27. Nxd8 Re1+ 28. Rxe1 Qxd8 29. Qxe4 1/2-1/2